| 000 | 00549nam a2200181Ia 4500 | ||
|---|---|---|---|
| 005 | 20250508162742.0 | ||
| 008 | 008 250505s9999 xx 000 0 eng d | ||
| 037 | _aReference | ||
| 040 |
_aFEDL _beng _cFEDL |
||
| 041 |
_aeng _2eng |
||
| 084 |
_a155.03, ENC _qFEDL |
||
| 100 |
_aThomas R Murry Ed. _9773982 |
||
| 245 | 0 | _aEncyclopedia of human development and education: Theory, research and studies | |
| 260 |
_aOxford, UK _bPergamon Press _c1990 |
||
| 300 | _axvi,519p | ||
| 942 |
_cREF _h155.03, ENC |
||
| 999 |
_c1378492 _d1378492 |
||